00755nam a2200205Ia 4500003000900000008004100009040001600050080002300066110003300089245015700122260005000279300000900329650002600338650001900364650002000383650002500403942000700428999001500435952009900450IN-BaIIA211028s9999 xx 000 0 eng d cIIA Library a083.7:693.156bISI aIndian Standards Institution 0aIndian Standard Code of Practice for Construction of Stone Masonrybpt. II, Ashlar MasonrycIndian Standards Institution  aNew DelhibIndian Standards Institutionc1967 a10p. aAshlar Masonry914808 aNASA Thesaurus aStandards98876 aStone Masonry914809 cBK c8803d8803 00104070aBANbBANcGENd1986-09-11l0o083.7:693.156/ ISIp9681r2021-11-05w1986-09-11yBK